Об арбитражных судах в Российской Федерации (Запись № 1227973)

Подробности
000 -МАРКЕР
контрольное поле 02294nam0a2200409 4500
001 - ИДЕНТИФИКАТОР ЗАПИСИ
контрольное поле RU\NLR\bibl\215410
005 - ИДЕНТИФИКАТОР ВЕРСИИ
контрольное поле 20260409072213.0
010 ## - МЕЖДУНАРОДНЫЙ СТАНДАРТНЫЙ НОМЕР КНИГИ (ISBN)
Номер (ISBN) 5-86894-422-4
Тираж 3000
020 ## - НОМЕР ДОКУМЕНТА В НАЦИОНАЛЬНОЙ БИБЛИОГРАФИИ
Код страны Российская Федерация
Номер 01-39376
Основное заглавие издания Российской книжной палаты Книжная летопись
021 ## - НОМЕР ГОСУДАРСТВЕННОЙ РЕГИСТРАЦИИ
Код страны Российская Федерация
Номер 2001-20250
Номер Листа государственной регистраци 953
035 ## - ДРУГИЕ СИСТЕМНЫЕ НОМЕРА
Идентификатор записи (NLR Aleph) 000211544
100 ## - ДАННЫЕ ОБЩЕЙ ОБРАБОТКИ
Данные общей обработки 20011206d2001 |||y0rusy50 ca
101 0# - ЯЗЫК РЕСУРСА
Язык текста, звукозаписи и т.д. русский
102 ## - СТРАНА ПУБЛИКАЦИИ ИЛИ ПРОИЗВОДСТВА
Страна публикации Российская Федерация
105 ## - ПОЛЕ КОДИРОВАННЫХ ДАННЫХ: ТЕКСТОВЫЕ МАТЕРИАЛЫ, МОНОГРАФИЧЕСКИЕ
Кодированные данные о монографическом текстовом документе y |||||||||
200 1# - ЗАГЛАВИЕ И СВЕДЕНИЯ ОБ ОТВЕТСТВЕННОСТИ
Основное заглавие Об арбитражных судах в Российской Федерации
Сведения, относящиеся к заглавию Федер. конституц. закон
-- [Принят Гос. Думой 5 апр. 1995 г.
-- Одобр. Советом Федерации 12 апр. 1995 г.]
205 ## - СВЕДЕНИЯ ОБ ИЗДАНИИ
Сведения об издании [4-е изд.]
210 ## - ПУБЛИКАЦИЯ, РАСПРОСТРАНЕНИЕ И ДР.
Место издания, распространения и т.д. М.
Имя издателя, распространителя и т. д. Ось-89
Дата издания, распространения и т.д. 2001
215 ## - ФИЗИЧЕСКАЯ ХАРАКТЕРИСТИКА
Специфическое обозначение материала и объем 111, [1] с.
Размеры 21
423 #0 - ИЗДАЕТСЯ В ОДНОЙ ОБЛОЖКЕ ВМЕСТЕ С ...
Встроенное поле 2001#$aАрбитражный процессуальный кодекс Российской Федерации$e[Принят Гос. Думой 5 апр. 1995 г. : По состоянию на 10 марта 2001 г.]
-- 215##$aС. 100-102
Заглавие Арбитражный процессуальный кодекс Российской Федерации
604 ## - ИМЯ И ЗАГЛАВИЕ КАК ПРЕДМЕТ
Связываемые данные 71001$aРоссийская Федерация
-- 50011$aАрбитражный процессуальный кодекс$2nlr_sh2$3RU\NLR\AUTH\661262504
Имя лица Российская Федерация
Заглавие Арбитражный процессуальный кодекс
Системный номер авторитетной/нормативной записи 2086371
Идентификатор авторитетной/нормативной записи RU\NLR\AUTH\661262504
606 ## - НАИМЕНОВАНИЕ ТЕМЫ КАК ПРЕДМЕТ
Наименование темы Арбитражный процессуальный кодекс
Географический подзаголовок Российская Федерация
Идентификатор авторитетной/нормативной записи RU\NLR\auth\66973390
Системный номер авторитетной/нормативной записи 1541619
610 0# - НЕКОНТРОЛИРУЕМЫЕ ПРЕДМЕТНЫЕ ТЕРМИНЫ
Предметный термин Арбитражные суды в Российской Федерации - Законодательство
610 0# - НЕКОНТРОЛИРУЕМЫЕ ПРЕДМЕТНЫЕ ТЕРМИНЫ
Предметный термин Арбитражный процессуальный кодекс Российской Федерации
675 ## - УНИВЕРСАЛЬНАЯ ДЕСЯТИЧНАЯ КЛАССИФИКАЦИЯ (UDC/УДК)
Индекс 347.918(470)(094.4)
Издание 3
Язык издания rus
686 ## - ИНДЕКСЫ ДРУГИХ КЛАССИФИКАЦИЙ
Индекс 10.31
Код системы
686 ## - ИНДЕКСЫ ДРУГИХ КЛАССИФИКАЦИЙ
Индекс 67.410
Код системы
686 ## - ИНДЕКСЫ ДРУГИХ КЛАССИФИКАЦИЙ
Индекс Х629.221-324.9(2Р)
740 #1 - УСЛОВНОЕ НАИМЕНОВАНИЕ / ЗАГЛАВИЕ ДЛЯ ЗАКОНОДАТЕЛЬНЫХ И РЕЛИГИОЗНЫХ ТЕКСТОВ - ПЕРВИЧНАЯ ОТВЕТСТВЕННОСТЬ
Начальный элемент ввода Российская Федерация
Обозначение вида документа Законы
Идентификатор авторитетной/нормативной записи RU\NLR\AUTH\883331
-- 277893
801 #0 - ИСТОЧНИК ЗАПИСИ
Страна Российская Федерация
Организация RKP
Дата составления 20011206
Правила каталогизации PSBO
801 #1 - ИСТОЧНИК ЗАПИСИ
Страна Российская Федерация
Организация RKP
Дата составления 20011206
801 #2 - ИСТОЧНИК ЗАПИСИ
Страна Российская Федерация
Организация NLR
Дата составления 20090519
Правила каталогизации rcr
942 ## - ДОПОЛНИТЕЛЬНЫЕ ЭЛЕМЕНТЫ ЗАПИСИ (АБИС)
Тип экземпляра АБИС Книга
980 ## - КОЛЛЕКЦИЯ
Название коллекции Национальная библиография
Экземпляры
Тип экземпляра Дата поступления Источник поступления Стоимость Библиотека постоянного хранения Библиотека текущего хранения Место хранения Штрих-код Статус экземпляра Шифр хранения
Книга 21.12.2001 Обязательный экземпляр   РНБ (Московский) РНБ (Московский) Русский книжный фонд: издания с 1957 года 203012   2001-3/20868
Книга 21.12.2001 Обязательный экземпляр   РНБ (Московский) РНБ (Московский) Русский книжный фонд: издания с 1957 года 203013   2001-3/20868
Книга 13.03.2005 Подсобные фонды РНБ 10.53 РНБ (Садовая) РНБ (Садовая) Макулатура 868905